000 01032naa a22002777a 4500
001 BR8905010
003 BR-BrBNA
005 20240918180534.0
007 ta
008 230509b bl.||||| |||| 00| 0 por d
040 _aBR-BrBNA
_bpor
_cBiblioteca Nacional de Agricultura
041 _a(Pt)
072 _aL53
_b5212
_bG514
090 _aL53 BR8905010
100 1 _aVale Filho, V. do
245 1 _aControle andrologico em bovinos e selecao de touros para uso em condicoes brasileiras
260 3 _aBelo Horizonte, MG (Brasil):
_c1983.
500 _a3. 4. e 5. Curso de Fiscalizacao de Materiais de Multiplicacao Animal Belo Horizonte, MG (Brasil): 1983. p.49-55 (BR8905010-AM)L53
650 _aBOVINO
650 _aINSEMINACAO ARTIFICIAL
650 _aEFICIENCIA REPRODUTIVA
650 _aFERTILIDADE ANIMAL
773 0 _t3. 4. e 5. Curso de Fiscalizacao de Materiais de Multiplicacao Animal
_wL53 BR8905010
_gBelo Horizonte, MG (Brasil), 1983. p.49-55
909 _a202404
_bLucia
_c55
_dLucia Elande
942 _cAM
_2AGRIS
999 _c320931
_d320931